Normal view
MARC view
- Cox, Alison
Entry Personal Name
001 - CONTROL NUMBER
- control field: 128663
003 - CONTROL NUMBER IDENTIFIER
- control field: NUST
005 - DATE AND TIME OF LATEST TRANSACTION
- control field: 20250414182302.0
008 - FIXED-LENGTH DATA ELEMENTS
- fixed length control field: 250414|| aca||aabn | a|a d
040 ## - CATALOGING SOURCE
- Original cataloging agency: NUST
- Transcribing agency: NUST
100 ## - HEADING--PERSONAL NAME
- Personal name: Cox, Alison
670 ## - SOURCE DATA FOUND
- Source citation: Work cat.: (NUST)0: Cox, Alison, author., Business Analysis For Dummies /
